00606nam a2200181Ia 4500003000900000008004100009020001800050040001600068080002000084100002100104245015800125260003300283300001500316650004100331650002100372700001400393700001700407IN-BaIIA211028s9999 xx 000 0 eng d a0-12-204230-1 cIIA Library a512:519.68bDAV aDavenport, J. H. 0aComputer algebrabsystems and algorithms for algebraic computationcJ. H. Davenport, Y. Siret and E. Tournier  aLondonbAcademic Pressc1988 axix, 267p. aAstronomy and astrophysics thesaurus aComputer algebra aSiret, Y. aTournier, E.